Diarios de campo /
El diario de campo es un instrumento de investigación que permite desarrollar por escrito observaciones durante el proceso investigativo, y elementos subjetivos del o la investigadora. Es además un documento que permite controlar vínculos entre el investigador, los sujetos o fenómenos investigados y...
Kaydedildi:
| Yazar: | |
|---|---|
| Materyal Türü: | Metin |
| Dil: | Spanish |
| Baskı/Yayın Bilgisi: |
Madrid:
Centro de Investigaciones Sociológicas,
2000
|
| Seri Bilgileri: | Cuadernos Metodológicos / CIS
n° 31 |
| Konular: | |
| Etiketler: |
Etiketle
Etiket eklenmemiş, İlk siz ekleyin!
|
MARC
| LEADER | 00000 a a2200000 04500 | ||
|---|---|---|---|
| 001 | 32853 | ||
| 003 | cru CIDCACS/IIS | ||
| 005 | 20230510163425.0 | ||
| 008 | 2000 b CR ||||| |||| 00| 0 spa d | ||
| 020 | |a 84-7476-312-6 | ||
| 040 | |b spa |c cru IIS |d cru IIS | ||
| 090 | |a 18.04.01 G216c | ||
| 100 | |a García Jorba, Juan M. | ||
| 245 | |a Diarios de campo / |c Juan M. García Jorba | ||
| 260 | |a Madrid: |b Centro de Investigaciones Sociológicas, |c 2000 | ||
| 300 | |a 244 p. | ||
| 440 | |9 10956 |a Cuadernos Metodológicos / CIS |v n° 31 | ||
| 520 | |a El diario de campo es un instrumento de investigación que permite desarrollar por escrito observaciones durante el proceso investigativo, y elementos subjetivos del o la investigadora. Es además un documento que permite controlar vínculos entre el investigador, los sujetos o fenómenos investigados y la investigación en sí. Se presenta la conceptualización y justitifcación del uso del diario de campo, dos variantes del mismo y se desarrollan fases del proceso investigativo relacionados con el diario del campo. Finalmente se incluyen ejemplos de diarios de de campo realizadas por tres autores. Se subraya la utilidad de los diarios de campo para investigaciones en las áreas de las ciencias políticas, la antropología y la sociología | ||
| 650 | |a METODOLOGIA | ||
| 650 | |a INVESTIGACION SOCIAL | ||
| 650 | |a INVESTIGACION DE CAMPO | ||
| 650 | |a INVESTIGADORES | ||
| 650 | |a CIENCIAS SOCIALES | ||
| 942 | |2 ddc |c LI | ||
| 999 | |c 16882 |d 16882 | ||



